[Event "URS-ch U26"]
[Site "Lvov"]
[Date "1985.??.??"]
[Round "?"]
[White "Dreev, Alexey"]
[Black "Moskalenko, Viktor"]
[Result "1-0"]
[WhiteElo "2395"]
[BlackElo "2460"]

1.e4 e6 2.d4 d5 3.Nc3 Nf6 4.e5 Nfd7 5.f4 c5 6.Nf3 Nc6 7.Be3 cxd4 8.Nxd4 Qb6
9.Be2 Nxd4 10.Bxd4 Bc5 11.Na4 Qa5+ 12.c3 Bxd4 13.Qxd4 b6 14.Bd1 Qb5 15.b4 Bb7
16.Nb2 Rc8 17.Ba4 Qa6 18.c4 Rd8 19.O-O O-O 20.f5 exf5 21.cxd5 b5 22.Bb3 Qb6
23.Qxb6 Nxb6 24.d6 Be4 25.a4 Rfe8 26.axb5 Rxe5 27.Rfd1 Rxb5 28.Rd4 Nc8 29.Na4 Kf8
30.d7 Ne7 31.Nc3 Rb7 32.Nxe4 fxe4 33.Rf1 Rbxd7 34.Rxf7+ Ke8 35.Rxd7 Rxd7
36.Rxg7 Rd4 37.Rxh7 Rxb4 38.Be6 Kd8 39.Kf2 Rb2+ 40.Kg3 Rb6 41.Bg4 Rb3+ 42.Kf4 e3
43.Bf3 Nd5+ 44.Bxd5 e2 45.Rh8+ Kd7 46.Bc6+ Kxc6 47.Re8 a5 48.Rxe2 a4 49.g4 a3
50.h4 Rb2 51.Re6+ Kd7 52.Ra6 a2 53.g5 Ke7 54.Kg4 Kf7 55.Kh5 Rh2 56.Ra7+ Ke6
57.Kg6 Rb2 58.h5 Rb8 59.h6 Rg8+ 60.Kh5 Kf5 61.Ra5+  1-0

[Event "URS-ch U26"]
[Site "Lvov"]
[Date "1985.??.??"]
[Round "?"]
[White "Dreev, Alexey"]
[Black "Kharitonov, Andrei Y"]
[Result "1/2-1/2"]
[WhiteElo "2395"]
[BlackElo "2450"]

1.d4 Nf6 2.Nf3 d5 3.c4 e6 4.Nc3 Be7 5.Bg5 h6 6.Bxf6 Bxf6 7.e3 c6 8.Qc2 Nd7
9.Be2 O-O 10.O-O dxc4 11.Bxc4 e5 12.Rad1 exd4 13.Nxd4 Qa5 14.Ne4 Be7 15.Ng3 Nb6
16.Bb3 Bf6 17.Ne4 Be7 18.Ng3 Bf6 19.Ne4 Be7 20.Ng3  1/2-1/2

[Event "URS-ch U26"]
[Site "Lvov"]
[Date "1985.??.??"]
[Round "?"]
[White "Dreev, Alexey"]
[Black "Khalifman, Alexander"]
[Result "1/2-1/2"]
[WhiteElo "2395"]
[BlackElo "2485"]

1.e4 e5 2.Nf3 Nc6 3.Bc4 Bc5 4.c3 Nf6 5.d3 d6 6.O-O O-O 7.Bb3 a6 8.Nbd2 Ba7
9.Nc4 h6 10.Be3 Be6 11.Bxa7 Rxa7 12.Re1 Bxc4 13.Bxc4 Na5 14.Bb3 Nxb3 15.Qxb3 Re8
16.Rad1 Qd7 17.d4 exd4 18.Rxd4 c5 19.Rd3 Rxe4 20.Qb6 Rxe1+ 21.Nxe1 Ra8 22.Qxd6 Qxd6
23.Rxd6  1/2-1/2

[Event "URS-ch U26"]
[Site "Lvov"]
[Date "1985.??.??"]
[Round "?"]
[White "Dreev, Alexey"]
[Black "Novikov, Igor A"]
[Result "1-0"]
[WhiteElo "2395"]
[BlackElo "2460"]

1.d4 Nf6 2.Nf3 e6 3.Bg5 c5 4.e3 d5 5.Nbd2 Be7 6.c3 Nbd7 7.Bd3 b6 8.O-O Bb7
9.Ne5 Nxe5 10.dxe5 Nd7 11.Bxe7 Qxe7 12.f4 f6 13.Nf3 O-O-O 14.Bb5 Kb8 15.a4 Nf8
16.b4 a6 17.Bd3 fxe5 18.Nxe5 Nd7 19.Qh5 Nf6 20.Qf7 Rde8 21.Qxe7 Rxe7 22.bxc5 bxc5
23.Rab1 Kc7 24.a5 Nd7 25.Nxd7 Rxd7 26.Rb6 Rd6 27.Rfb1 Rxb6 28.Rxb6 c4 29.Bc2 Bc8
30.Kf2 Rf8 31.Bxh7 Rh8 32.Bc2 Rxh2 33.e4 Rh4 34.Ke3 dxe4 35.Rb4 Rh5 36.Rxc4+ Kd8
37.Ra4 Rc5 38.Kd4 Rd5+ 39.Kxe4 Bb7 40.Rd4 Rxd4+ 41.Kxd4 Bxg2 42.Kc5 Kc7 43.Bb3 e5
44.fxe5 g5 45.Be6 Bf3 46.Kd4 g4 47.Ke3 Kc6 48.Bc4 Bd5 49.Bxa6 g3 50.Be2 Kc5
51.Bg4 Bc6 52.Bc8  1-0

[Event "URS-ch U26"]
[Site "Lvov"]
[Date "1985.??.??"]
[Round "?"]
[White "Ehlvest, Jaan"]
[Black "Dreev, Alexey"]
[Result "1-0"]
[WhiteElo "2505"]
[BlackElo "2395"]

1.d4 d5 2.c4 c6 3.Nf3 Nf6 4.Nc3 a6 5.Qc2 dxc4 6.e4 b5 7.Be2 Bg4 8.a4 Nbd7
9.e5 Nd5 10.axb5 axb5 11.Rxa8 Qxa8 12.Ng5 Nb4 13.Qe4 f5 14.Qf4 Bxe2 15.Kxe2 g6
16.e6 Nf6 17.Nf7 Bg7 18.Nxh8 Bxh8 19.Qc7 Nfd5 20.Qd7+ Kf8 21.Bh6+ Bg7 22.Ra1 Na2
23.Nxd5 cxd5 24.Rxa2  1-0

[Event "URS-ch U26"]
[Site "Lvov"]
[Date "1985.??.??"]
[Round "?"]
[White "Vyzmanavin, Alexey"]
[Black "Dreev, Alexey"]
[Result "1/2-1/2"]
[WhiteElo "2485"]
[BlackElo "2395"]

1.d4 d5 2.c4 c6 3.Nf3 Nf6 4.Nc3 a6 5.c5 Nbd7 6.Bg5 g6 7.e3 b6 8.cxb6 Qxb6
9.Rb1 a5 10.Be2 Bg7 11.O-O O-O 12.Na4 Qa7 13.Rc1 Bb7 14.Nd2 e5 15.Nb3 Ne4
16.Be7 Rfe8 17.Ba3 exd4 18.Nxd4 Rac8 19.Bf3 Ne5 20.Be2 Nd7 21.Bf3 Ne5 22.Be2 Nd7
23.Bf3  1/2-1/2

[Event "URS-ch U26"]
[Site "Lvov"]
[Date "1985.??.??"]
[Round "?"]
[White "Sturua, Zurab"]
[Black "Dreev, Alexey"]
[Result "1/2-1/2"]
[WhiteElo "2420"]
[BlackElo "2395"]

1.c4 e6 2.d4 d5 3.Nf3 c6 4.Nc3 Nf6 5.Bg5 dxc4 6.e4 b5 7.e5 h6 8.Bh4 g5 9.Nxg5 hxg5
10.Bxg5 Be7 11.exf6 Bxf6 12.Bxf6 Qxf6 13.a4 Rh4 14.axb5 Rxd4 15.Qh5 Bb7 16.Be2 Nd7
17.Qf3 Qxf3 18.Bxf3 Ne5 19.Be4 Rd7 20.bxc6 Bxc6 21.O-O Bxe4 22.Nxe4 Ke7 23.Ra4 f5
24.Ng5 Rb8 25.f4  1/2-1/2

[Event "URS-ch U26"]
[Site "Lvov"]
[Date "1985.??.??"]
[Round "?"]
[White "Shneider, Aleksandr"]
[Black "Dreev, Alexey"]
[Result "1-0"]
[WhiteElo "2420"]
[BlackElo "2395"]

1.d4 d5 2.c4 c6 3.Nf3 Nf6 4.Nc3 a6 5.c5 b6 6.cxb6 Nbd7 7.e3 Qxb6 8.Be2 e6
9.O-O Bd6 10.b3 a5 11.Na4 Qc7 12.Bb2 O-O 13.Rc1 Ne4 14.Rc2 Bb7 15.Qc1 Rfc8
16.Ba3 Ba6 17.Bxd6 Nxd6 18.Bxa6 Rxa6 19.Ne1 e5 20.dxe5 Nxe5 21.Qd1 Ne4 22.Qe2 Ra7
23.Nd3 Nd7 24.Rfc1 Qd6 25.Ndc5 Nexc5 26.Nxc5 Ne5 27.h3 h6 28.Qd2 f5 29.Nd3 Nd7
30.Nf4 Nf6 31.Qd4 Rcc7 32.Qc5 Qe5 33.Qd4 Qxd4 34.exd4 Ra6 35.Rc5 Re7 36.f3 a4
37.Rxc6 Rxc6 38.Rxc6 Re1+ 39.Kh2 axb3 40.axb3 Rd1 41.Rc8+ Kh7 42.Rc7 Kh8
43.Ng6+ Kh7 44.Nf4 Kh8 45.Ne6 Nh5 46.Rf7 g6 47.h4 Re1 48.Rf8+ Kh7 49.Rf7+ Kg8
50.Rf8+ Kh7 51.Re8 Rc1 52.Rb8 Rc6 53.Nc5 g5 54.b4 gxh4 55.b5 Rg6 56.Nd3 Ng3
57.Rb7+ Kg8 58.Ne5 Re6 59.Rd7 Ne2 60.Rxd5 Nxd4 61.Nd7  1-0

[Event "URS-ch U26"]
[Site "Lvov"]
[Date "1985.??.??"]
[Round "?"]
[White "Rozentalis, Eduardas"]
[Black "Dreev, Alexey"]
[Result "1/2-1/2"]
[WhiteElo "2490"]
[BlackElo "2395"]

1.e4 e6 2.d4 d5 3.Nd2 Nf6 4.e5 Nfd7 5.Bd3 c5 6.c3 Nc6 7.Ne2 cxd4 8.cxd4 f6
9.exf6 Nxf6 10.Nf3 Bd6 11.O-O Qc7 12.g3 O-O 13.Bf4 Bd7 14.Re1 Rae8 15.Qc2 Nb4
16.Qxc7 Bxc7 17.Bb1 Rc8 18.a3 Bxf4 19.Nxf4 Nc2 20.Bxc2 Rxc2 21.Re2 Rxe2 22.Nxe2 Bb5
23.Nf4 Nh5 24.Nxh5 Rxf3 25.Rc1 Bc4 26.Rc3 Rxc3 27.bxc3 Kf7 28.f3 g5 29.Kf2 Bd3
30.g4 Bg6 31.Ng3 Ke7 32.Ke3 Kd6 33.f4 h6 34.Nf1 Kc6 35.fxg5 hxg5 36.Nd2 Kb5
37.Nf3 Ka4 38.Nxg5 Kxa3 39.Nxe6 a5 40.Nc7 Bf7 41.h4 a4 42.h5 Kb3 43.Nb5 Be8
44.h6 Bg6 45.Kf4 Kc4 46.Na3+ Kb3 47.Kg5 Bh7 48.Nb5  1/2-1/2

[Event "URS-ch U26"]
[Site "Lvov"]
[Date "1985.??.??"]
[Round "?"]
[White "Kruppa, Yuri"]
[Black "Dreev, Alexey"]
[Result "1/2-1/2"]
[WhiteElo "2460"]
[BlackElo "2395"]

1.e4 e6 2.d4 d5 3.Nd2 Nf6 4.e5 Nfd7 5.Bd3 c5 6.c3 Nc6 7.Ne2 cxd4 8.cxd4 f6
9.exf6 Nxf6 10.Nf3 Bd6 11.O-O Qc7 12.Nc3 a6 13.Bg5 O-O 14.Bh4 Nh5 15.Re1 g6
16.Bg5 Nxd4 17.Nxd4 Bxh2+ 18.Kh1 Rxf2 19.Nf3 Ng3+ 20.Kxh2 Ne4+ 21.Kh1 Qg3
22.Bf1 Rxg2 23.Bxg2 Nf2+ 24.Kg1 Nh3+ 25.Kh1 Nf2+ 26.Kg1 Nh3+  1/2-1/2

[Event "URS-ch U26"]
[Site "Lvov"]
[Date "1985.??.??"]
[Round "?"]
[White "Korzubov, Peter"]
[Black "Dreev, Alexey"]
[Result "1/2-1/2"]
[WhiteElo "2460"]
[BlackElo "2395"]

1.d4 d5 2.c4 c6 3.Nf3 Nf6 4.Qc2 g6 5.e3 Bf5 6.Qb3 Qb6 7.Nc3 Nbd7 8.cxd5 Qxb3
9.axb3 Nxd5 10.Nxd5 cxd5 11.Bd2 e6 12.Be2 Bd6 13.Bc3 Bg4 14.h3 Bxf3 15.Bxf3 f5
16.Be2 Ke7 17.b4 a6 18.Kd2 Nb6 19.b5 axb5 20.Bxb5 Rxa1 21.Rxa1 Ra8 22.Rxa8 Nxa8
23.f3 Nc7 24.Bd3 b6 25.Ke2 Kf6 26.e4 fxe4 27.fxe4 dxe4 28.Bxe4 Nb5  1/2-1/2

[Event "Moscow-B"]
[Site "Moscow"]
[Date "1985.??.??"]
[Round "?"]
[White "Szekely, Peter"]
[Black "Dreev, Alexey"]
[Result "1/2-1/2"]
[WhiteElo "2415"]
[BlackElo "2395"]

1.d4 d5 2.c4 c6 3.cxd5 cxd5 4.Nc3 Nf6 5.Nf3 Nc6 6.Bf4 e6 7.e3 Nh5 8.Be5 Be7
9.Bd3 O-O 10.Rc1 Bd7 11.h3 Qb6 12.Qe2 Rfc8 13.O-O Be8 14.Bh2 Nf6  1/2-1/2

[Event "Moscow-B"]
[Site "Moscow"]
[Date "1985.??.??"]
[Round "?"]
[White "Dreev, Alexey"]
[Black "Spassov, Liuben"]
[Result "1/2-1/2"]
[WhiteElo "2395"]
[BlackElo "2415"]

1.d4 Nf6 2.Nf3 e6 3.Bg5 c5 4.e3 d5 5.Nbd2 Nbd7 6.c3 Be7 7.Bd3 b6 8.O-O Bb7
9.Ne5 Nxe5 10.dxe5 Nd7 11.Bxe7 Qxe7 12.f4 f5 13.c4 O-O 14.Qc2 g6 15.Rad1 Rad8
16.Nb1 a6 17.a4 Nb8  1/2-1/2

[Event "Moscow-B"]
[Site "Moscow"]
[Date "1985.??.??"]
[Round "?"]
[White "Dreev, Alexey"]
[Black "Khalifman, Alexander"]
[Result "1/2-1/2"]
[WhiteElo "2395"]
[BlackElo "2485"]

1.d4 Nf6 2.Nf3 g6 3.Bg5 Bg7 4.Nbd2 c5 5.e3 O-O 6.Bd3 d5 7.c3 Qb6 8.Rb1 Nc6
9.O-O e5 10.Nxe5 Nxe5 11.dxe5 Ng4 12.Nf3 Nxe5 13.Nxe5 Bxe5 14.f4 Bf6 15.Bxf6 Qxf6
16.f5 Qe5 17.Qd2 Bd7 18.f6 Kh8 19.e4 d4 20.Bc4 Be6 21.Qh6 Rg8 22.Rf3 g5 23.Bxe6 Qxe6
24.Re1 Rg6 25.Qh5 Rd8 26.e5 d3 27.Rfe3 g4 28.b3 c4 29.Rd1 Qb6 30.Kf2 Qa5
31.bxc4 Qxa2+ 32.Kg3 Qxc4 33.Qf5 Qxc3 34.Rdxd3 Rxd3 35.Qxd3 Qc8 36.Qb3 h5
37.Qxf7 Qf5 38.Qf8+ Kh7 39.Qe7+ Kg8 40.Qd8+ Kh7 41.Qe7+  1/2-1/2

[Event "Moscow-B"]
[Site "Moscow"]
[Date "1985.??.??"]
[Round "?"]
[White "Eingorn, Vereslav S"]
[Black "Dreev, Alexey"]
[Result "1-0"]
[WhiteElo "2525"]
[BlackElo "2395"]

1.e4 e6 2.d4 d5 3.Nd2 Nf6 4.Bd3 c5 5.e5 Nfd7 6.c3 Nc6 7.Ne2 cxd4 8.cxd4 f6
9.exf6 Nxf6 10.O-O Bd6 11.Nf3 Qc7 12.Nc3 a6 13.h3 O-O 14.Be3 Bd7 15.Rc1 b5
16.a4 b4 17.Ne2 Qb7 18.Nd2 Rac8 19.Re1 Kh8 20.Nb3 Nb8 21.Bf4 Be7 22.Nc5 Bxc5
23.dxc5 Nc6 24.Bd6 Rf7 25.Nf4 Re8 26.Bb1 Qc8 27.Nd3 a5 28.b3 Qb7 29.f3 Rc8
30.Qd2 Re8 31.Qb2 Qa6 32.Rcd1 Qb7 33.Rd2 Bc8 34.Rde2 Qd7 35.Nf4 d4 36.Rxe6 Rxe6
37.Nxe6 Qxe6 38.Rxe6 Bxe6 39.Bd3 Nd5 40.Bb5 Bd7 41.Bc4  1-0

[Event "Moscow-B"]
[Site "Moscow"]
[Date "1985.??.??"]
[Round "?"]
[White "Belov, Igor"]
[Black "Dreev, Alexey"]
[Result "1/2-1/2"]
[WhiteElo "2200"]
[BlackElo "2395"]

1.Nf3 d5 2.d4 Nf6 3.c4 c6 4.Nc3 a6 5.a4 e6 6.e3 c5 7.Bd3 Nc6 8.O-O Be7 9.cxd5 exd5
10.dxc5 Bg4 11.h3 Bh5 12.b3 Bxc5 13.Bb2 O-O 14.g4 Bg6 15.Bxg6 hxg6 16.g5 Ne4
17.Qxd5 Nxc3 18.Qxc5 Ne4 19.Qc4 Nxg5 20.Nxg5 Qxg5+ 21.Kh2 Rad8 22.Rad1 Qf5
23.Qc3 f6 24.Qc4+ Kh7 25.Qh4+ Qh5 26.Qxh5+ gxh5 27.Kg3 Rxd1 28.Rxd1 Rd8 29.Rxd8 Nxd8
30.e4 Ne6 31.b4 Kg6 32.f4 Kf7 33.h4 g6 34.f5 gxf5 35.exf5 Nc7 36.Kf3 Nd5
37.b5 axb5 38.axb5  1/2-1/2

[Event "Minsk tt"]
[Site "Minsk"]
[Date "1986.??.??"]
[Round "?"]
[White "Ivanchuk, Vassily"]
[Black "Dreev, Alexey"]
[Result "1-0"]
[WhiteElo "2390"]
[BlackElo "2450"]

1.c4 e6 2.Nc3 d5 3.d4 c6 4.e4 dxe4 5.Nxe4 Bb4+ 6.Bd2 Qxd4 7.Bxb4 Qxe4+ 8.Be2 Na6
9.Bd6 Qf5 10.Nf3 Qa5+ 11.Nd2 Ne7 12.O-O Nf5 13.Ne4 Nxd6 14.Nxd6+ Ke7 15.Qd3 Rd8
16.Rad1 Qc7 17.Qxh7 Rxd6 18.Qxg7 e5 19.Qxe5+ Re6 20.Qg5+ Rf6 21.Rd3 Qf4 22.Qg8 Rd6
23.Re3+ Re6 24.Rd1 Rxe3 25.Qd8+ Ke6 26.Bg4+ f5 27.fxe3 Qe5 28.Bh5 Qc7 29.Qg8+ Ke5
30.Qe8+ Kf6 31.Rd8 Rb8 32.Qg6+ Ke5 33.Re8+ Be6 34.Rxe6+  1-0

[Event "URS-ch sf"]
[Site "Sevastopol"]
[Date "1986.??.??"]
[Round "?"]
[White "Petrosian, Arshak B"]
[Black "Dreev, Alexey"]
[Result "1/2-1/2"]
[WhiteElo "2495"]
[BlackElo "2450"]

1.Nf3 d5 2.g3 c6 3.Bg2 Bg4 4.c4 dxc4 5.Qc2 Nd7 6.a4 e6 7.Na3 Bxa3 8.Rxa3 Ngf6
9.Qxc4 Bxf3 10.Bxf3 Ne5 11.Qb4 Nxf3+ 12.Rxf3 Qe7 13.Qxe7+ Kxe7 14.b3 Rhd8
15.Ba3+ Ke8 16.Bb2 Ke7  1/2-1/2

[Event "URS-ch sf"]
[Site "Sevastopol"]
[Date "1986.??.??"]
[Round "?"]
[White "Podgaets, Mikhail"]
[Black "Dreev, Alexey"]
[Result "1/2-1/2"]
[WhiteElo "2455"]
[BlackElo "2450"]

1.d4 d5 2.Nf3 Nf6 3.c4 e6 4.Nc3 Nbd7 5.cxd5 exd5 6.Bg5 Bb4 7.e3 c5 8.Bd3 Qa5
9.Qc2 O-O 10.O-O c4 11.Bf5 Re8 12.Bh4 g6 13.Bh3 Bxc3 14.bxc3 Ne4 15.Rfc1 Qa3
16.Nd2 Nb6 17.Bxc8 Raxc8 18.Nxe4 Rxe4 19.Bg3 Re6 20.Rab1 Qe7 21.h3 Qd7 22.Rb4 a5
23.Rbb1 Kg7 24.Qb2 Rec6 25.Qb5 Ra8 26.Rb2 f6 27.Bf4 Kf7 28.Kf1 Qe6 29.Bg3 h5  1/2-1/2

[Event "URS-ch sf"]
[Site "Sevastopol"]
[Date "1986.??.??"]
[Round "?"]
[White "Epishin, Vladimir"]
[Black "Dreev, Alexey"]
[Result "1/2-1/2"]
[WhiteElo "2350"]
[BlackElo "2450"]

1.Nf3 Nf6 2.c4 e6 3.g3 d5 4.Bg2 c6 5.b3 Nbd7 6.d4 Be7 7.O-O O-O 8.Qc2 b6
9.Rd1 Bb7 10.Nc3 Rc8 11.e4 dxe4 12.Ng5 h6 13.Ngxe4 Nxe4 14.Nxe4 Nf6 15.Bf4 Nxe4
16.Bxe4 Bg5 17.Bxg5 hxg5 18.b4 Rc7 19.Rd3 Qe7 20.c5 Rd8 21.a4 Rcd7 22.Rad1 Ba6
23.R3d2 Rc7 24.Qc3 b5 25.Qd3 Qd7 26.Qe2 Qe8 27.Bg2 Bb7 28.Qe5 Qe7 29.axb5 cxb5
30.Bxb7 Rxb7 31.c6 Rc7 32.Qxb5 Rdc8 33.Rc2 Qd6 34.d5 exd5 35.Rxd5 Qe6 36.Re5 Qd6
37.Rd5 Qe6 38.Rdc5 g4 39.Qc4 Qe1+ 40.Kg2 Qd1 41.Qf4 Rxc6 42.Rxc6 Qd5+ 43.f3 Rxc6
44.Rxc6 Qxc6 45.Qxg4 Qc2+ 46.Kh3 Qh7+  1/2-1/2

[Event "URS-ch sf"]
[Site "Sevastopol"]
[Date "1986.??.??"]
[Round "?"]
[White "Dreev, Alexey"]
[Black "Vaisser, Anatoli"]
[Result "1/2-1/2"]
[WhiteElo "2450"]
[BlackElo "2510"]

1.d4 Nf6 2.c4 c5 3.d5 b5 4.Nf3 b4 5.Bg5 d6 6.Nbd2 h6 7.Bh4 g5 8.Bg3 Bg7 9.e4 Nh5
10.Qc2 a5 11.Be2 a4 12.Rd1 Nd7 13.O-O Qb6 14.Ne1 Nxg3 15.hxg3 b3 16.axb3 axb3
17.Qxb3 Qxb3 18.Nxb3 Bxb2 19.Nd3 Bg7 20.Bg4 Kd8 21.f4 gxf4 22.gxf4 Ra3 23.Rb1 Ba6
24.Rfc1 Kc7 25.e5 Rb8 26.Bxd7 Rbxb3 27.Rxb3 Rxb3 28.Bf5 e6 29.dxe6 fxe6 30.Be4 Ra3  1/2-1/2

[Event "URS-ch sf"]
[Site "Sevastopol"]
[Date "1986.??.??"]
[Round "?"]
[White "Dreev, Alexey"]
[Black "Bagirov, Vladimir"]
[Result "1-0"]
[WhiteElo "2450"]
[BlackElo "2485"]

1.d4 d5 2.c4 c6 3.Bf4 Nf6 4.e3 g6 5.Nf3 Bg7 6.Nc3 O-O 7.Bd3 Bg4 8.h3 Bxf3
9.Qxf3 dxc4 10.Bxc4 Nbd7 11.O-O Qe8 12.Bb3 e5 13.dxe5 Nxe5 14.Qe2 Qe7 15.e4 Nfd7
16.Be3 Nc5 17.Bc2 Ned7 18.Rad1 Rfd8 19.a4 a5 20.Qc4 Qe6 21.Qxe6 Nxe6 22.f4 Bf8
23.Kf2 Bc5 24.Ke2 Nb6 25.Bxc5 Nxc5 26.e5 f6 27.exf6 Kf7 28.b3 Kxf6 29.g4 Ne6
30.f5 gxf5 31.Rxf5+ Kg7 32.Ke3 Re8 33.Be4 Re7 34.g5 Nc7 35.Kf3 Nd7 36.h4 Ne5+
37.Rxe5 Rxe5 38.Rd7+ Kg8 39.Rxc7 Rf8+ 40.Ke3 h6 41.Kd4 Re6 42.Rxb7 Rf4 43.Kc5 Rxh4
44.Bxc6 Re5+ 45.Bd5+ Kf8 46.g6 Rg4 47.Kd6  1-0

[Event "URS-ch sf"]
[Site "Sevastopol"]
[Date "1986.??.??"]
[Round "?"]
[White "Dreev, Alexey"]
[Black "Agzamov, Georgy"]
[Result "1/2-1/2"]
[WhiteElo "2450"]
[BlackElo "2545"]

1.d4 Nf6 2.Nf3 e6 3.Bg5 c5 4.e3 Qb6 5.Qc1 Ne4 6.Bf4 Nc6 7.c3 d5 8.Bd3 Be7
9.h3 Bd7 10.O-O f5 11.Ne5 Nxe5 12.Bxe5 Bf6 13.Bxf6 gxf6 14.Bxe4 fxe4 15.f3 Bb5
16.Rf2 exf3 17.Rxf3 e5 18.Nd2 cxd4 19.exd4 exd4 20.Qe1+ Kd7 21.Kh1 Rae8 22.Qh4 dxc3
23.bxc3 Kc8 24.Rxf6 Qe3 25.Nf3 Re4 26.Qg5 Rd8 27.Rb1 Bd3 28.Rd1 Qxg5 29.Nxg5 Re3
30.Re6 Rg3 31.Kh2 Rxg5 32.Rxd3 h5 33.Rg3 Rxg3 34.Kxg3 Kd7 35.Re2 Rc8 36.Kh4 Rxc3
37.Kxh5 Kd6 38.Kg4 Rc4+ 39.Kf5 b5 40.g4 d4 41.g5 d3 42.Rd2 Rd4 43.Kf6 Rf4+
44.Kg7 Rd4 45.Kf7 Ke5 46.h4 Kf5 47.g6 Rd7+ 48.Ke8 Rb7 49.h5 Kg5 50.Rxd3 Kxh5
51.Rd7  1/2-1/2

[Event "URS-ch sf"]
[Site "Sevastopol"]
[Date "1986.??.??"]
[Round "?"]
[White "Huzman, Alexander"]
[Black "Dreev, Alexey"]
[Result "1-0"]
[WhiteElo "2390"]
[BlackElo "2450"]

1.Nf3 Nf6 2.c4 c6 3.d4 d5 4.Nc3 e6 5.Bg5 Nbd7 6.cxd5 exd5 7.e3 Be7 8.Bd3 O-O
9.Qc2 Re8 10.O-O Nf8 11.Ne5 Ng4 12.Bxe7 Qxe7 13.Nxg4 Bxg4 14.Rae1 Rad8 15.f4 Bh5
16.Qa4 a6 17.Qa5 Bg4 18.Na4 Bc8 19.Qd2 Rd6 20.b4 h5 21.Nc5 b6 22.Nb3 Nd7
23.a4 Nf6 24.a5 b5 25.Nc5 h4 26.f5 Nh7 27.Rf4 Ng5 28.h3 g6 29.Qc2 Rf6 30.Kh1 gxf5
31.Qf2 Ne6 32.Rxf5 Rxf5 33.Qxf5 Qg5 34.Qh7+ Kf8 35.Rf1 Ng7 36.Bg6 Bf5 37.Rxf5  1-0

[Event "URS-ch sf"]
[Site "Sevastopol"]
[Date "1986.??.??"]
[Round "?"]
[White "Kuzmin, Alexey"]
[Black "Dreev, Alexey"]
[Result "1/2-1/2"]
[WhiteElo "2355"]
[BlackElo "2450"]

1.e4 Nf6 2.e5 Nd5 3.d4 d6 4.Nf3 Bg4 5.Be2 c6 6.c4 Nb6 7.Nbd2 dxe5 8.Nxe5 Bf5
9.Nb1 N8d7 10.Bf4 Nxe5 11.Bxe5 Nd7 12.Bf4 Qb6 13.Qb3 Qxb3 14.axb3 Bxb1 15.Rxb1 e6
16.O-O O-O-O 17.Rfd1 Nf6 18.Bf3 Bd6 19.Bd2 e5 20.dxe5 Bxe5 21.Kf1 Rhe8 22.b4 Rd3
23.Bc3 Rxd1+ 24.Rxd1 Bxc3 25.bxc3 Kc7 26.c5 a5 27.Ra1 axb4 28.cxb4 g5 29.h3 h5
30.g3 g4 31.hxg4 hxg4 32.Bg2 Ne4 33.Ra2 f5 34.Re2 Kd7 35.Rb2 Re5  1/2-1/2

[Event "URS-ch U20"]
[Site "Tallinn"]
[Date "1986.??.??"]
[Round "?"]
[White "Dreev, Alexey"]
[Black "Rozentalis, Eduardas"]
[Result "1/2-1/2"]
[WhiteElo "2450"]
[BlackElo "2465"]

1.d4 Nf6 2.Nf3 e6 3.c4 b6 4.Nc3 Bb4 5.Qc2 Bb7 6.a3 Bxc3+ 7.Qxc3 O-O 8.b4 d6
9.Bb2 Nbd7 10.e3 Ne4 11.Qc2 f5 12.Bd3 Qe7 13.O-O Rae8 14.d5 exd5 15.cxd5 Bxd5
16.Bc4 Bxc4 17.Qxc4+ Qf7 18.Qxc7 Ne5 19.Qxf7+ Kxf7 20.Rac1 Nxf3+ 21.gxf3 Nf6
22.Rc7+ Re7 23.Rfc1 Re8 24.R7c6 Rd7 25.Rd1 Re6 26.a4 Ne8 27.a5  1/2-1/2

[Event "URS-ch U20"]
[Site "Tallinn"]
[Date "1986.??.??"]
[Round "?"]
[White "Dreev, Alexey"]
[Black "Epishin, Vladimir"]
[Result "0-1"]
[WhiteElo "2450"]
[BlackElo "2350"]

1.d4 Nf6 2.c4 g6 3.Nc3 d5 4.Nf3 Bg7 5.Bf4 c5 6.dxc5 Qa5 7.cxd5 Nxd5 8.Qxd5 Bxc3+
9.Bd2 Be6 10.Qxb7 Bxd2+ 11.Nxd2 O-O 12.e4 Nc6 13.Qa6 Qxc5 14.Qb5 Qd6 15.Nc4 Qd4
16.Be2 Rfc8 17.O-O Rab8 18.Qa4 Qxe4 19.Rfe1 Nd4 20.Bf1 Qf4 21.b3 Rc5 22.Qxa7 Rh5
23.h3 Rxh3 24.Qxb8+ Qxb8 25.gxh3 Nf3+ 26.Kg2 Bd5  0-1

[Event "URS-ch U20"]
[Site "Tallinn"]
[Date "1986.??.??"]
[Round "?"]
[White "Dreev, Alexey"]
[Black "Ehlvest, Jaan"]
[Result "1-0"]
[WhiteElo "2450"]
[BlackElo "2465"]

1.d4 g6 2.c4 Bg7 3.Nf3 d6 4.Nc3 Nd7 5.e4 e5 6.Be2 Ngf6 7.O-O O-O 8.Be3 Qe7
9.Qc2 c6 10.Rfe1 h6 11.h3 Re8 12.Rad1 a6 13.a3 exd4 14.Bxd4 b5 15.Qd2 Nc5
16.Bf1 Nb3 17.Bxf6 Qxf6 18.Qxd6 Qxd6 19.Rxd6 Na5 20.cxb5 axb5 21.e5 Bf8 22.Rdd1 Kg7
23.Ne4 Be6 24.Nd4 Bc4 25.f4 Bxf1 26.Kxf1 Nc4 27.Rb1 Ra6 28.Ke2 Rb6 29.Rec1 c5
30.Nxb5 Nxe5 31.Nc7 Rc8 32.Nd5 Re6 33.fxe5 Rxe5 34.Nc3 f5 35.Rd1 fxe4 36.Rd7+ Kf6
37.Rf1+ Ke6 38.Rb7 g5 39.g4 c4 40.Rb6+ Kd7 41.Rf7+ Be7 42.Rb7+ Ke8 43.Rh7 Rd8
44.Nb5 Rd3 45.Nc7+ Kf8 46.Rb8+ Bd8 47.Rh8+ Ke7 48.Re8+ Kd7 49.Rxe5 Bxc7 50.Rb7 Kc6
51.Rxc7+ Kxc7 52.Rxe4 Rxh3 53.Rxc4+ Kd6 54.Kd2 Kd5 55.Rb4 Kc5 56.b3 Rh2+
57.Kd3 h5 58.Rc4+ Kd5 59.gxh5 Rxh5 60.a4 Rh3+ 61.Kc2 Rh8 62.Rg4 Rg8 63.Kd3 Ke5
64.b4 Kf5 65.Rg1 g4 66.Kc4 g3 67.Kd5 Rd8+ 68.Kc6 Rc8+ 69.Kb7 Rg8 70.a5 Rg7+
71.Kb8 Ke5 72.a6 Rg6 73.Kc8  1-0

[Event "URS-ch U20"]
[Site "Tallinn"]
[Date "1986.??.??"]
[Round "?"]
[White "Dreev, Alexey"]
[Black "Dokhoian, Yury"]
[Result "1/2-1/2"]
[WhiteElo "2450"]
[BlackElo "2365"]

1.d4 Nf6 2.Nf3 d5 3.c4 dxc4 4.Nc3 c6 5.e4 b5 6.e5 Nd5 7.a4 e6 8.axb5 Bb4
9.Bd2 Bxc3 10.bxc3 cxb5 11.Ng5 Bb7 12.Qh5 Qe7 13.Be2 Nd7 14.O-O h6 15.Ne4 Nf4
16.Bxf4 Bxe4 17.Qg4 Bd5 18.Bc1 a5 19.Bf3 f5 20.Qg3 Nb6 21.Ba3 Qd7 22.Bc5 Bxf3
23.Bxb6 Bd5 24.Bxa5 Kf7 25.h4 Ra6 26.Bb4 Rha8 27.Rxa6 Rxa6 28.f3 Ra2 29.Rf2 Ra1+
30.Rf1  1/2-1/2

[Event "URS-ch U20"]
[Site "Tallinn"]
[Date "1986.??.??"]
[Round "?"]
[White "Ivanchuk, Vassily"]
[Black "Dreev, Alexey"]
[Result "1-0"]
[WhiteElo "2390"]
[BlackElo "2450"]

1.c4 e6 2.d4 d5 3.Nc3 Nf6 4.Nf3 Nbd7 5.g3 c6 6.Bg2 dxc4 7.O-O Be7 8.a4 O-O
9.e4 b6 10.Qe2 a5 11.Rd1 Ba6 12.Bf4 Re8 13.Nd2 Nf8 14.Nxc4 Ng6 15.Be3 Nd5
16.e5 Rc8 17.Rac1 Nxe3 18.fxe3 b5 19.Na3 Qb6 20.Bf1 Rb8 21.axb5 cxb5 22.Naxb5 Bg5
23.h4 Bh6 24.Re1 Ne7 25.g4 Nd5 26.Qf2 Bxe3 27.Rxe3 Nxe3 28.Qxe3 Bxb5 29.Nxb5 Rec8
30.Bd3 Rxc1+ 31.Qxc1 Qd8 32.g5 h6 33.Qf4 hxg5 34.hxg5 Qd7 35.Nd6 g6 36.Qf2 Qe7
37.Ne4 Kg7 38.b3 Rc8 39.Bc4 Rd8 40.Kg2 Qb7 41.Kg3 Rf8  1-0

[Event "URS-ch U20"]
[Site "Tallinn"]
[Date "1986.??.??"]
[Round "?"]
[White "Yakovich, Yuri"]
[Black "Dreev, Alexey"]
[Result "1/2-1/2"]
[WhiteElo "2480"]
[BlackElo "2450"]

1.c4 e6 2.g3 d5 3.Bg2 c6 4.Qc2 c5 5.Nf3 Nc6 6.O-O Nf6 7.cxd5 exd5 8.d4 cxd4
9.Nbd2 Bg4 10.Qa4 Bc5 11.Nb3 Bxf3 12.exf3 Bb6 13.Re1+ Kf8 14.Bf4 h6 15.Qa3+ Kg8
16.Nc5 Qc8 17.Rac1 Ba5 18.Red1 Bc7 19.Bd2 Bd6 20.b4 a5 21.Qb3 axb4 22.Bxb4 Qb8
23.Bd2 Ra7 24.f4 Kh7 25.Nxb7 Qxb7 26.Qxb7 Rxb7 27.Rxc6 Ba3 28.Ra6 Bb2 29.Rd6 Ba3
30.Ra6 Bb2 31.Rd6 Ba3 32.Ra6  1/2-1/2

[Event "URS-ch U20"]
[Site "Tallinn"]
[Date "1986.??.??"]
[Round "?"]
[White "Pigusov, Evgeny"]
[Black "Dreev, Alexey"]
[Result "1/2-1/2"]
[WhiteElo "2495"]
[BlackElo "2450"]

1.c4 c6 2.e4 d5 3.cxd5 cxd5 4.exd5 Nf6 5.Nc3 Nxd5 6.d4 Nc6 7.Nf3 Bg4 8.Qb3 Bxf3
9.gxf3 e6 10.Qxb7 Nxd4 11.Bb5+ Nxb5 12.Qc6+ Ke7 13.Qxb5 Qd7 14.Nxd5+ Qxd5
15.Qxd5 exd5 16.Be3 Ke6 17.Rc1 Bb4+ 18.Ke2 Rhc8 19.Kd3 a5 20.Rxc8 Rxc8 21.Rc1 Rxc1
22.Bxc1 Bd6 23.h3 Kd7 24.Bd2 a4  1/2-1/2

[Event "URS-ch U20"]
[Site "Tallinn"]
[Date "1986.??.??"]
[Round "?"]
[White "Novikov, Igor A"]
[Black "Dreev, Alexey"]
[Result "0-1"]
[WhiteElo "2490"]
[BlackElo "2450"]

1.d4 d5 2.c4 c6 3.Nf3 Nf6 4.Nc3 e6 5.Bg5 dxc4 6.e4 b5 7.e5 h6 8.Bh4 g5 9.Nxg5 hxg5
10.Bxg5 Be7 11.exf6 Bxf6 12.Bxf6 Qxf6 13.a4 Rh4 14.g4 b4 15.Ne4 Qf4 16.Bg2 Nd7
17.h3 Ba6 18.Qc1 Qxc1+ 19.Rxc1 Kf8 20.f4 Rb8 21.Kf2 c3 22.bxc3 b3 23.Kg3 Rh8
24.Rb1 Bd3 25.Rb2 Bxe4 26.Bxe4 c5 27.Bd3 cxd4 28.cxd4 Rb4 29.Bb5 Nf6 30.Rd1 Ne4+
31.Kg2 Nc3 32.Rc1 Nd5 33.Kg3 Rxd4 34.Rf1 Nc3 35.Kg2 Nxb5 36.axb5 Rd3 37.Rf3 Rxf3
38.Kxf3 Rxh3+ 39.Ke4 Ke7 40.Kd4 Kd6 41.g5 Rf3  0-1

[Event "URS-ch U20"]
[Site "Tallinn"]
[Date "1986.??.??"]
[Round "?"]
[White "Malisauskas, Vidmantas"]
[Black "Dreev, Alexey"]
[Result "0-1"]
[WhiteElo "2385"]
[BlackElo "2450"]

1.e4 Nf6 2.e5 Nd5 3.d4 d6 4.Nf3 Bg4 5.Be2 c6 6.O-O Bxf3 7.Bxf3 dxe5 8.dxe5 e6
9.Qe2 Nd7 10.Re1 Bc5 11.c3 a5 12.a4 O-O 13.Na3 Qh4 14.Qc2 f5 15.Bxd5 exd5
16.Be3 f4 17.g3 Qg4 18.Bxc5 f3 19.Kh1 Nxc5 20.Re3 Ne4 21.Nc4 Rf5 22.Rxe4 Qxe4
23.Qxe4 dxe4 24.g4 Rg5 25.Rg1 b5 26.axb5 cxb5 27.h4 Rg6 28.Ne3 Rd8 29.Ra1 Rd3
30.g5 Ra6 31.Kg1 Kf7 32.c4 Rb3 33.cxb5 Rxb5 34.Nc4 Ke6 35.Kh2 Rb4 36.Rxa5 Rxa5
37.Nxa5 Rxb2 38.Kg3 Rc2 39.Kf4 Rxf2 40.Kxe4 Ra2  0-1